| 000 | 01473nam a2200421 i 4500 | ||
|---|---|---|---|
| 001 | 729 | ||
| 003 | KOSZ 005 | ||
| 005 | 20200302101945.0 | ||
| 008 | 190325s1978 pl a f 000 0 pol | ||
| 015 | _aPB 1979/387 | ||
| 035 | _a(PL-WaBN)b13502359-48omnis_nlop | ||
| 035 | _ab13502359 | ||
| 035 | _a(OCoLC)830224656 | ||
| 035 | _a(PL)b0000001350235 | ||
| 040 |
_aWA N _cWA N _dKOSZ 005/RW |
||
| 046 | _k1978 | ||
| 080 | _a69.057 | ||
| 100 | 1 |
_aBielawski, Jerzy _eAutor |
|
| 245 | 1 | 0 |
_aProjektowanie form do prefabrykacji budowlanej / _cJ. Bielawski, G. Chrabczyński, W. Hładyniuk. |
| 260 |
_aWarszawa : _bWydawnictwa Naukowo-Techniczne, _c1978. |
||
| 300 |
_a226, [1] stron : _bilustracje, tablice, wykresy ; _c21 cm. |
||
| 336 |
_aTekst _btxt _2rdacontent |
||
| 337 |
_aBez urządzenia pośredniczącego _bn _2rdamedia |
||
| 338 |
_aWolumin _bnc _2rdacarrier |
||
| 380 | _aKsiążki | ||
| 388 | _a1901-2000 | ||
| 504 | _aBibliografia na stronach 226-[227]. | ||
| 658 | _aArchitektura i budownictwo | ||
| 658 | _aInżynieria i technika | ||
| 650 | 7 | _aTechnologia | |
| 650 | 7 |
_aPrefabrykaty _2DBN |
|
| 700 | 1 |
_aChrabczyński, Grzegorz. _d(1930-2015) _eAutor |
|
| 710 | 2 |
_aWydawnictwa Naukowo-Techniczne _4pbl |
|
| 700 | 1 |
_aHładyniuk, Włodzimierz _eAutor |
|
| 856 |
_uhttp://koha.tu.koszalin.pl/cgi-bin/koha/opac-detail.pl?biblionumber=729 _yKatalog online BPK |
||
| 942 |
_2UKD _cKS |
||
| 999 |
_c729 _d729 |
||